<?xml version="1.0" encoding="UTF-8"?>
<record
    xmlns:xsi="http://www.w3.org/2001/XMLSchema-instance"
    xsi:schemaLocation="http://www.loc.gov/MARC21/slim http://www.loc.gov/standards/marcxml/schema/MARC21slim.xsd"
    xmlns="http://www.loc.gov/MARC21/slim">

  <leader>00346nam a2200145Ia 4500</leader>
  <controlfield tag="008">191201s2009    xx            000 0 und d</controlfield>
  <datafield tag="082" ind1=" " ind2=" ">
    <subfield code="a">540</subfield>
    <subfield code="b">SRE</subfield>
  </datafield>
  <datafield tag="100" ind1=" " ind2=" ">
    <subfield code="a">SHRIVASTAVA, H C</subfield>
  </datafield>
  <datafield tag="245" ind1=" " ind2="0">
    <subfield code="a">Engineering Chemistry</subfield>
  </datafield>
  <datafield tag="250" ind1=" " ind2=" ">
    <subfield code="a">Rep.</subfield>
  </datafield>
  <datafield tag="260" ind1=" " ind2=" ">
    <subfield code="a">Meerut</subfield>
    <subfield code="b">Pragati Prakashan Meerut</subfield>
    <subfield code="c">2009</subfield>
  </datafield>
  <datafield tag="300" ind1=" " ind2=" ">
    <subfield code="a">292</subfield>
  </datafield>
  <datafield tag="650" ind1=" " ind2=" ">
    <subfield code="a">Applied</subfield>
  </datafield>
  <datafield tag="942" ind1=" " ind2=" ">
    <subfield code="2">ddc</subfield>
    <subfield code="c">BK</subfield>
  </datafield>
  <datafield tag="999" ind1=" " ind2=" ">
    <subfield code="c">3865</subfield>
    <subfield code="d">3865</subfield>
  </datafield>
  <datafield tag="952" ind1=" " ind2=" ">
    <subfield code="0">0</subfield>
    <subfield code="1">0</subfield>
    <subfield code="2">ddc</subfield>
    <subfield code="4">0</subfield>
    <subfield code="7">0</subfield>
    <subfield code="8">APPLIED</subfield>
    <subfield code="a">PIET</subfield>
    <subfield code="b">PIET</subfield>
    <subfield code="d">2009-02-26</subfield>
    <subfield code="e">J B C, New Delhi</subfield>
    <subfield code="g">155.00</subfield>
    <subfield code="k">SI-5781</subfield>
    <subfield code="l">0</subfield>
    <subfield code="o">540 SRE</subfield>
    <subfield code="p">11726</subfield>
    <subfield code="r">2019-12-04 00:00:00</subfield>
    <subfield code="w">2009-02-13</subfield>
    <subfield code="y">BK</subfield>
  </datafield>
  <datafield tag="952" ind1=" " ind2=" ">
    <subfield code="0">0</subfield>
    <subfield code="1">0</subfield>
    <subfield code="2">ddc</subfield>
    <subfield code="4">0</subfield>
    <subfield code="7">0</subfield>
    <subfield code="8">APPLIED</subfield>
    <subfield code="a">PIET</subfield>
    <subfield code="b">PIET</subfield>
    <subfield code="d">2009-02-26</subfield>
    <subfield code="e">J B C, New Delhi</subfield>
    <subfield code="g">155.00</subfield>
    <subfield code="k">SI-5781</subfield>
    <subfield code="l">1</subfield>
    <subfield code="o">540 SRE</subfield>
    <subfield code="p">11727</subfield>
    <subfield code="q">2020-11-17</subfield>
    <subfield code="r">2020-11-03 00:00:00</subfield>
    <subfield code="s">2020-11-03</subfield>
    <subfield code="w">2009-02-13</subfield>
    <subfield code="y">BK</subfield>
  </datafield>
  <datafield tag="952" ind1=" " ind2=" ">
    <subfield code="0">0</subfield>
    <subfield code="1">0</subfield>
    <subfield code="2">ddc</subfield>
    <subfield code="4">0</subfield>
    <subfield code="7">0</subfield>
    <subfield code="8">APPLIED</subfield>
    <subfield code="a">PIET</subfield>
    <subfield code="b">PIET</subfield>
    <subfield code="d">2009-02-26</subfield>
    <subfield code="e">J B C, New Delhi</subfield>
    <subfield code="g">155.00</subfield>
    <subfield code="k">SI-5781</subfield>
    <subfield code="l">0</subfield>
    <subfield code="o">540 SRE</subfield>
    <subfield code="p">11728</subfield>
    <subfield code="r">2019-12-04 00:00:00</subfield>
    <subfield code="w">2009-02-13</subfield>
    <subfield code="y">BK</subfield>
  </datafield>
  <datafield tag="952" ind1=" " ind2=" ">
    <subfield code="0">0</subfield>
    <subfield code="1">0</subfield>
    <subfield code="2">ddc</subfield>
    <subfield code="4">0</subfield>
    <subfield code="7">0</subfield>
    <subfield code="8">APPLIED</subfield>
    <subfield code="a">PIET</subfield>
    <subfield code="b">PIET</subfield>
    <subfield code="d">2009-02-26</subfield>
    <subfield code="e">J B C, New Delhi</subfield>
    <subfield code="g">155.00</subfield>
    <subfield code="k">SI-5781</subfield>
    <subfield code="l">0</subfield>
    <subfield code="o">540 SRE</subfield>
    <subfield code="p">11729</subfield>
    <subfield code="r">2019-12-04 00:00:00</subfield>
    <subfield code="w">2009-02-13</subfield>
    <subfield code="y">REF</subfield>
  </datafield>
  <datafield tag="952" ind1=" " ind2=" ">
    <subfield code="0">0</subfield>
    <subfield code="1">0</subfield>
    <subfield code="2">ddc</subfield>
    <subfield code="4">0</subfield>
    <subfield code="7">0</subfield>
    <subfield code="8">APPLIED</subfield>
    <subfield code="a">PIET</subfield>
    <subfield code="b">PIET</subfield>
    <subfield code="d">2009-02-26</subfield>
    <subfield code="e">J B C, New Delhi</subfield>
    <subfield code="g">155.00</subfield>
    <subfield code="k">SI-5781</subfield>
    <subfield code="l">0</subfield>
    <subfield code="o">540 SRE</subfield>
    <subfield code="p">11730</subfield>
    <subfield code="r">2019-12-04 00:00:00</subfield>
    <subfield code="w">2009-02-13</subfield>
    <subfield code="y">BK</subfield>
  </datafield>
  <datafield tag="952" ind1=" " ind2=" ">
    <subfield code="0">0</subfield>
    <subfield code="1">0</subfield>
    <subfield code="2">ddc</subfield>
    <subfield code="4">0</subfield>
    <subfield code="7">0</subfield>
    <subfield code="8">APPLIED</subfield>
    <subfield code="a">PIET</subfield>
    <subfield code="b">PIET</subfield>
    <subfield code="d">2009-02-26</subfield>
    <subfield code="e">J B C, New Delhi</subfield>
    <subfield code="g">155.00</subfield>
    <subfield code="k">SI-5781</subfield>
    <subfield code="l">1</subfield>
    <subfield code="o">540 SRE</subfield>
    <subfield code="p">11731</subfield>
    <subfield code="r">2024-12-19 00:00:00</subfield>
    <subfield code="s">2024-12-03</subfield>
    <subfield code="w">2009-02-13</subfield>
    <subfield code="y">BK</subfield>
  </datafield>
</record>
